Periodic Table Elements Beginning With B - Statistics

General Stats
  • This quiz has been taken 336 times
    330 since last reset
  • The average score is 5 of 7
Answer Stats
Element % Correct
Boron
99%
Beryllium
84%
Barium
82%
Bromine
78%
Bismuth
73%
Bohrium
63%
Berkelium
57%
No matching quizzes found
Score Distribution
Percent of People with Each Score
Percentile by Number Answered
Your Score History
You have not taken this quiz since the last reset